Cryptography and Network Security: (Record no. 203607)

MARC details
000 -LEADER
fixed length control field 00657nam a22001937a 4500
005 - DATE AND TIME OF LATEST TRANSACTION
control field 20240614124423.0
010 ## - LCCN (DPL NO)
LC control number ENG-140615
020 ## - INTERNATIONAL STANDARD BOOK NUMBER
Terms of availability 869.00
International Standard Book Number 9789357059718
035 ## - SYSTEM CONTROL NUMBER
System control number EN-124147
037 ## - SOURCE OF ACQUISITION
Source of stock number/acquisition DBAD
082 ## - DEWEY DECIMAL CLASSIFICATION NUMBER
Classification number 005.8
Edition number 8
100 ## - MAIN ENTRY--PERSONAL NAME
Personal name Stallings, William
245 ## - TITLE STATEMENT
Title Cryptography and Network Security:
Remainder of title Principles and Practice/
Statement of responsibility, etc By William Stallings
250 ## - EDITION STATEMENT
Edition statement 8
260 ## - PUBLICATION, DISTRIBUTION, ETC. (IMPRINT)
Place of publication, distribution, etc Noida
Name of publisher, distributor, etc Pearson India Education Pvt Ltd
Date of publication, distribution, etc 2024
270 ## - ADDRESS
Address 1st Floor, Berger Tower, Plot No. C-001/2, Sector 16B
City Noida
Postal code 201301
Electronic mail address companysecretary.india@pearson.com
300 ## - PHYSICAL DESCRIPTION
Extent 832p.
Dimensions 23cm(pbk)
942 ## - ADDED ENTRY ELEMENTS (KOHA)
Source of classification or shelving scheme Dewey Decimal Classification
Item type English Books
Classification part 005.8
Call number suffix STA
Edition 8
Holdings
Withdrawn status Lost status Not for loan Collection code Home library Current library Date acquired Source of acquisition Cost, normal purchase price Full call number Barcode Copy number Cost, replacement price Koha item type
      Non-fiction Central Library Central Library 14/06/2024 DBAD 869.00 005.8 STA EN-124147 1 869.00 English Books

© Delhi Public Library
Hit Counter
free hit counter